000 00684nam a2200253Ia 4500
003 OSt
005 20220924120029.0
006 a|||||r|||| 00| 0
007 ta
008 220923b |||||||| |||| 00| 0 urd d
024 _a322333
037 _cTextual
040 _aARTS
_cARTS
_burd
041 _2urd
_aurd
082 _aR421, 168G4
100 _aFarooqi Abdullah Au.
_9180534
245 0 _aBiwi mohabbat kyon kare
260 _aDelhi
_bKhatoon-e-mashriq India
_c1934
300 _a256p.
_ccm.
650 _a PHILOSOPHY
650 _aFAMILY ETHICS
_918693
942 _hR421, 168G4
_cTEXL
_2CC
999 _c400989
_d400989